Competitividad urbana : una perspectiva global y para México /

Sábháilte in:
Sonraí bibleagrafaíochta
Príomhchruthaitheoir: Sobrino, Jaime (coord.)
Formáid: LEABHAR
Teanga:Spáinnis
Foilsithe / Cruthaithe: México : El Colegio de México, Centro de Estudios Demográficos, Urbanos y Ambientales, 2010, c2010
Ábhair:
Clibeanna: Cuir clib leis
Níl clibeanna ann, Bí ar an gcéad duine le clib a chur leis an taifead seo!

MARC

LEADER 00000nam^a2200000^a^4500
001 000306797
005 20250521000000.0
009 20260310112828.132
020 |a 978-607-462-130-3 
037 |a Acervo ITESO - Biblioteca 
041 |a ESP 
082 |a 330. 9720711  |b SOB 
100 |a Sobrino, Jaime  |e (coord.) 
245 1 0 |a Competitividad urbana :  |b una perspectiva global y para México /  |c Coord. e introd. de J. Sobrino. 
264 4 |a México :  |b El Colegio de México, Centro de Estudios Demográficos, Urbanos y Ambientales,  |c 2010, c2010 
300 |a 435 p. 
336 |a texto  |b txt  |2 rdacontenido 
337 |a sin mediación  |b n  |2 rdamedio 
338 |a volumen  |b nc  |2 rdasoporte 
649 |a XX 
650 |a Industria Manufacturera -  |z México 
650 |a Industrialización -  |z México 
650 |a Competitividad -  |z México -  |x Tema Principal 
650 |a Competencia (Economía) -  |z México 
650 |a Desarrollo Urbano -  |z México -  |x Aspectos Económicos -  |x Tema Principal 
650 |a Desarrollo Económico-Social -  |z México 
650 |a Política Urbana -  |z México 
650 |a Política Económica -  |z México 
650 |a Políticas Públicas -  |z México 
650 |a Administración Pública -  |z México -  |x Historia -  |y 2000-2009 
650 |a Política -  |z México -  |x Historia -  |y 2000-2009 
650 |a Zonas Urbanas -  |z México -  |x Condiciones Económicas 
650 |a Zonas Urbanas -  |z México -  |x Condiciones Sociales y Culturales 
910 |a Fondo General 
920 |a Impresos - Libros 
930 |a Colección General 
905 |a 101 
901 |a 0500193102  |b IT1  |c ACC  |i C125360  |u 20250521 
902 |a https://opac.biblio.iteso.mx/vufind/Record/000306797